Wheel of Time POV Characters - Statistics

General Stats
  • This quiz has been taken 1,124 times
    1,115 since last reset
  • The average score is 49 of 144
Answer Stats
Books N. of POV Answer % Correct
1-14 236 Rand al'Thor
99%
3-7 9-14 116 Matrim Cauthon
98%
1-4 6-14 154 Perrin Aybara
98%
1-8 10-14 130 Egwene al'Vere
97%
0 13-14 26 Lan Mandragoran
94%
1-7 9 11-14 61 Nynaeve al'Meara
91%
4-11 13-14 83 Elayne Trakand
88%
0-2 4-5 13-14 33 Moiraine Damodred
87%
4 1 Almurat Mor
84%
0 3-6 11-14 18 Siuan Sanche
78%
2 4-9 12-14 35 Min Farshaw
77%
2 4 14 6 Thom Merrilin
77%
6-8 12-14 23 Aviendha
75%
4 6 8-14 27 Faile Bashere
73%
11 13-14 22 Galad Damodred
70%
6-7 10 13-14 21 Gawyn Trakand
70%
5-8 13 12 Morgase Trakand
68%
14 5 Tam al'Thor
67%
9 11-14 11 Fortuona Paendrag
65%
4-5 7-8 11-12 7 Elaida a'Roihan
62%
2 4-6 13-14 12 Padan Fain
61%
3 6 8-9 5 Verin Mathwin
60%
6-8 12-13 9 Graendal
59%
7-10 12-14 18 Cadsuane Melaidhrin
57%
11 14 6 Loial
56%
5-7 9 14 9 Moghedien
56%
7-8 3 Moridin
56%
8 10 2 Davram Bashere
55%
5 12 14 5 Gareth Bryne
55%
14 5 Logain Ablar
55%
6 2 Sammael
55%
6 9 14 6 Demandred
52%
2 4-5 4 Liandrin Guirale
52%
14 1 Mazrim Taim
52%
5 1 Asmodean
51%
12 14 3 Leane Sharif
50%
3 6-7 5 Pedron Niall
49%
5 1 Rahvin
48%
6 12 2 Semirhage
48%
7-8 10-11 5 Alviarin Freidhen
45%
2 4 Bayle Domon
45%
1 1 Lews Therin Telamon
44%
10-14 12 Rodel Ituralde
44%
6 8 12 3 Sheriam Bayanar
43%
14 1 Rhuarc
42%
2-4 7 4 Jaichim Carridin
41%
4 2 Dain Bornhald
40%
13-14 7 Olver
40%
10-11 13-14 12 Pevara Tazanovni
40%
11 13-14 4 Birgitte Silverbow
39%
2 5 Geofram Bornhald
39%
6 13 2 Mesaana
39%
4 9 14 6 Egeanin/Leilwin
38%
14 1 Gaul
38%
7 1 Shaidar Haran
38%
13-14 11 Androl Genhald
37%
8 11 2 Aran'gar
37%
14 2 Berelain sur Paendrag Paeron
37%
6-8 11 7 Galina Casban
37%
6 9 3 Osan'gar
37%
9 14 2 Slayer/Isam/Luc
37%
4 11 3 Suroth Sabelle Meldarath
37%
6-8 6 Sevanna
36%
6 1 Bain
34%
9 3 Cyndane
33%
6-7 10 3 Eamon Valda
32%
14 1 Hurin
31%
6 11-12 3 Romanda Cassin
31%
14 8 Talmanes Delovinde
31%
6 1 Lelaine Akashi
30%
6 1 Sorilea
30%
14 1 Juilin Sandar
29%
7 1 Noal Charin
29%
2 1 Jaret Byar
28%
12 1 Masema Dagar
28%
14 1 Uno Nomesta
27%
8 10-11 4 Furyk Karede
24%
6 1 Myrelle Berengari
23%
7-9 3 Seaine Herimon
23%
10 1 Yukiri Haruna
23%
9-10 3 Elza Penfell
22%
13 1 Alliandre Maritha Kigarin
21%
12 2 Saerin Asnobar
21%
5 2 Hadnan Kadere
20%
14 1 Silviana Brehon
20%
14 1 Jur Grady
19%
6 1 Rhadam Asunawa
19%
6 1 Sulin
19%
8 11 2 Daved Hanlon
18%
6 1 Dyelin Taravin
18%
8 1 Gholam
17%
8-9 2 Toveine Gazal
17%
6 10 3 Delana Mosalaine
16%
9 1 Eben Hopwil
16%
11 1 Harine din Togara Two Winds
16%
6 2 Katerine Alruddin
16%
8 1 Ethenielle Cosaru Noramaga
15%
11 1 Tarna Feir
15%
12 1 Tylee Khirgan
15%
6-7 2 Falion Bhoda
14%
10 1 Gabrelle Brawley
14%
7 1 Joline Maza
14%
6-7 3 Merana Ambrey
14%
9 1 Mili Skane/Shiaine Avarhin
14%
9 2 Shalon din Togara Morning Tide
14%
12 1 Adelorna Bastine
13%
13 1 Almen Bunt
13%
11 1 Arymilla Marne
13%
11 1 Beonin Marinye
13%
10 1 Elenia Sarand
13%
14 1 Ila
13%
7 2 Reanne Corly
13%
10 1 Samitsu Tamagowa
13%
6 1 Sarene Nemdahl
13%
9 1 Asne Zeramene
12%
9 1 Bethamin Zeami
12%
14 1 Gerard Arganda
12%
8 1 Abaldar Yulan
11%
6 1 Ellorien Traemane
11%
12 1 Jesse Bilal
11%
14 1 Lyrelle Arienwin
11%
13 1 Malenarin Rai
11%
6 2 Nesune Bihara
11%
14 1 Bayrd
10%
8 1 Bertome Saighan
10%
6 2 Demira Eriff
10%
4 1 Sahra Covenry
10%
5 1 Alteima
9%
14 1 Atal Mishraile
9%
13 1 Barriga
9%
12 1 Falendre
9%
8 2 Kennar Miraj
9%
6 1 Luan Norwelyn
9%
9 1 Raefar Kisman
9%
12 1 Renald Fanwar
9%
14 1 Shendla
9%
11 1 Weilin Aldragoran
9%
8 1 Assid Bakuun
8%
8 1 Varek
8%
8 1 Chulein
7%
7 1 Maeric
7%
9 1 Timna
7%
6 1 Vilnar Barada
7%
9 1 Barmellin
6%
No matching quizzes found
Score Distribution
Percent of People with Each Score
Percentile by Number Answered
Your Score History
You have not taken this quiz since the last reset